The Office Actors - Statistics

General Stats
  • This quiz has been taken 15 times
  • The average score is 22 of 24
Answer Stats
Actor Answer % Correct
Ed Helms Andy Bernard
100%
Angela Kinsey Angela Martin
100%
Creed Bratton Creed Bratton
100%
Rainn Wilson Dwight Schrute
100%
Ellie Kemper Erin Hannon
100%
John Krasinski Jim Halpert
100%
Mindy Kaling Kelly Kapoor
100%
Brian Baumgartner Kevin Malone
100%
Steve Carrell Michael Scott
100%
Oscar Nunez Oscar Martinez
100%
Jenna Fischer Pam Beesly
100%
Phyllis Smith Phyllis Lapin-Vance
100%
B.J. Novak Ryan Howard
100%
Paul Lieberstein Toby Flenderson
100%
Leslie David Baker Stanley Hudson
86%
Craig Robinson Darryl Philbin
79%
Andy Buckley David Wallace
79%
Melora Hardin Jan Levinson
79%
Cathy Bates Jo Bennett
79%
Kate Flannery Meredith Palmer
79%
James Spader Robert California
79%
Amy Ryan Holly Flax
71%
Zach Woods Gabe Lewis
64%
David Denman Roy Anderson
57%
No matching quizzes found
Score Distribution
Percent of People with Each Score
Percentile by Number Answered
Your Score History
You have not taken this quiz